000 00600nam a2200205 i 4500
001 144940
003 ES-MaACL
005 20230906201130.0
007 t|
008 070214s1973 sp |||| | spa d
080 _a371.921
100 1 _aSimon, Jean.
_9106516
245 1 3 _aLa debilidad mental en el niño /
_cJean Simon ; versión española de José Zahonero Vivo.
250 _a2ª ed.
260 _aAlcoy :
_bMarfil,
_c1973.
300 _a147 p. ;
_c19 cm.
650 4 _aNiños con discapacidad mental.
_9165838
700 1 _aZahonero Vivó, José.
_9117851
852 _aES-MaACL
_jC-53082
999 _c144940
_d144940